00882 a2200217 450000500170000000800410001702000180005804000500007604100080012610000180013424501270015225000100027926000370028930000180032650000210034450001150036550000570048065000370053765000330057465100570060720150206131031.0150206s1729 enk||||fr|||| 001 0 eng d a9781140818649 aCO-BoUCMbspacJose A. GerenadJose A. Gerena0 aeng1 aJacob, Giles  aLex mercatoriabor, the merchant's companion. Containing all the laws and statutes relating to merchandize...cGiles Jacob a2a ed c1729bEccoaLondres (inglaterra) a404 páginas aIncluye índice aThe second edition corrected with the addition of three entire new chapters. And also a merchant's dictionary. aEs una fotocopia autorizada de la edición de 1729. 7aDerecho internacional xHistoria 7aDerecho comercial vHistoria 4aLondres (Inglaterra)xAspectos jurídicosxHistoria